Quiz sur l'uranium - Statistiques

Statistiques générales
  • Ce quiz a été pris 4 fois
  • Le résultat moyen est 3 sur 5
Statistiques - réponses
Question Réponse % Correct
L'uréaninium est-il présent dans la croûte terrestre? Oui
100%
Un être humain a-t-il déjà ingéré de l'uranium? Oui
100%
Quel est le point de fusion de l'uranium? 1132°C
50%
Quel est le symbole de l'uranium? U
50%
Quel est le numéro atomique de l'uranium? 92
25%
Aucun quiz correspondant
Distribution des résultats
% des personnes avec chaque résultat
Percentile par nombre de réponses
Votre historique - résultats
Vous n’avez pas pris ce quiz